01650nam a2200337 i 4500001001000000003000900010005001700019007000300036008004100039040003000080041000800110049000900118082001900127100004600146245006000192264003600252300002800288336002700316337003300343338002800376500006300404504003900467590002600506942001400532952015700546952016500703952013900868952012801007952016001135999001701295000021870DO-SdBNP20250912143136.0ta100914s1989 dr 000 0 spa d aDO-SdBNPbspacBNPHUerda aspa aBNPD 4axxxbP438a2221 aPérez, Luis Julian,eautor4aut.91485610aSanto Domingo frente al destino /cLuis Julian Pérez. 4aSanto Domingo :bTaller,c1989. a279 páginas ;c24 cm. atextobtxt2rdacontent asin mediaciónbn2rdamedia avolumenbnc2rdacarrier aIncluye datos biográficos del autor en la contracubierta aBibliografía : páginas 277-279 aInventariado, 2025/BT 2ddccLBS1 00102ddc56708DSaBNPHUbBNPHUcCTd2013-07-01eDonado por CERTVl0oBNPHU DS P438ap21870-30r2020-06-25te. 3w2020-06-25yLBS1ZPréstamo en sala 00102ddc56708DSaBNPHUbBNPHUcCTd2015-02-11eDonado por Sonia Ginebral0oBNPHU DS P438ap21870-40r2020-06-25te. 4w2020-06-25yLBS1ZPréstamo en sala 00102ddc56708DSaBNPHUbBNPHUcMId2015-03-27l0oBNPHU DS P438ap21870-50r2020-06-25te. 5w2020-06-25yLBS1ZPréstamo en sala 00102ddc51708PDaBNPHUbBNPHUcCTd2010-09-14l0oBNPHU PD P438ap21870-10r2020-06-25w2020-06-25yLBS1ZNo se presta 00102ddc51708PDaBNPHUbBNPHUcCTd2013-07-01eDonado por Carmen Herreral0oBNPHU PD P438ap21870-20r2020-06-25te. 2w2020-06-25yLBS1ZNo se presta c21368d21368